Incongruencia y retroaccin̤ de actuaciones tributarias

Bibliographic Details
Main Author: Orena Domn̕guez, Aitor
Format: eBook
Language:English
Published: Barcelona : J.M. Bosch Editor, 2013
Subjects:
Online Access:http://www.vlex.com/source/11236

MARC

LEADER 00000nam a22000007a 4500
005 20130606174150.0
007 cr|||| ||||
008 130606e2013 sp |||||s|||| 00||0 eng d
020 |a 978-84-940933-4-0 
035 |a 11236 
040 |a vLex 
090 |c 4282  |d 4282 
100 1 0 |a Orena Domn̕guez, Aitor  
245 1 0 |a Incongruencia y retroaccin̤ de actuaciones tributarias  |c / Aitor Orena Domn̕guez   |h [Recurso electrn̤ico]  
256 |a Servicio en ln̕ea 
260 |a Barcelona :  |b J.M. Bosch Editor,   |c 2013 
300 |a 1 Recurso electrn̤ico 
506 |d vLex Global  |d vLex Global (Academic Edition, excluding Law Schools)  |d vLex Global (U.S. Academic Edition, Law Schools)  |d vLex Global (U.S. Academic Edition, excluding Law Schools)  |d vLex Global (Academic Edition, Law Schools)  |a Contenido solo disponible en los productos indicados 
650 4 |a Derecho tributario 
740 |a vLex Libros (Servicio en ln̕ea) 
856 |a Acceso restringido  |u http://www.vlex.com/source/11236 
942 |c BOOK